[Event "4NCL Division 3"]
[Site "Daventry Court ENG"]
[Date "2015.03.21"]
[Round "7.98"]
[White "Stimpson, Phil"]
[Black "Taylor, Adam A"]
[Result "0-1"]
[WhiteElo "2008"]
[BlackElo "2053"]
[PlyCount "76"]
[EventDate "2015.03.21"]
[WhiteTeam "Guildford 4"]
[BlackTeam "e2e4.org.uk 2"]

1. e4 c5 2. Nc3 e6 3. f4 a6 4. g3 Nc6 5. Bg2 Nf6 6. Nf3 d5 7. e5 Ng8 8. d4 Nh6
9. Ne2 Nf5 10. c3 c4 11. Bh3 b5 12. O-O h5 13. Bxf5 exf5 14. Be3 Bd7 15. Qc2
Qb8 16. Nd2 Rh6 17. Kg2 Nd8 18. Ng1 Rb6 19. Ngf3 Be7 20. Rfb1 g6 21. Nf1 Ne6
22. Bd2 Qb7 23. b4 cxb3 24. axb3 b4 25. Ne3 bxc3 26. Bxc3 Rc8 27. Qb2 Bb5 28.
Ba5 Rbc6 29. Rc1 Bd3 30. Rxc6 Qxc6 31. Bd2 Qb5 32. Ra5 Qb7 33. Qa2 Be4 34. Qa4+
Kf8 35. Rxa6 Nxd4 36. Ra7 Bxf3+ 37. Kf2 Qxb3 38. Qd7 Qd3 0-1

[Event "4NCL Division 3"]
[Site "Daventry Court ENG"]
[Date "2015.03.21"]
[Round "7.99"]
[White "Garnett, John S"]
[Black "Phillips, William"]
[Result "1-0"]
[WhiteElo "1997"]
[BlackElo "1905"]
[PlyCount "107"]
[EventDate "2015.03.21"]
[WhiteTeam "e2e4.org.uk 2"]
[BlackTeam "Guildford 4"]

1. c4 Nf6 2. g3 e6 3. Bg2 d5 4. Nf3 Be7 5. O-O O-O 6. b3 b6 7. Bb2 Bb7 8. d3 c5
9. cxd5 exd5 10. d4 Nbd7 11. Nc3 Rc8 12. Rc1 Re8 13. e3 Ba6 14. Re1 c4 15. Ne5
Bb4 16. bxc4 Bxc4 17. Nxc4 Rxc4 18. Re2 Bxc3 19. Rxc3 b5 20. Rxc4 dxc4 21. Bc3
a5 22. a3 Qe7 23. Bxa5 Qxa3 24. Qd2 Ne4 25. Bxe4 Rxe4 26. Qa2 Qxa2 27. Rxa2 Re8
28. Bb4 Rc8 29. Kf1 Nf6 30. Ra5 h6 31. Rxb5 c3 32. Rc5 Rxc5 33. Bxc5 Ne4 34.
Ke2 c2 35. Ba3 Nc3+ 36. Kd3 Nd1 37. f3 f5 38. Bc1 Kf7 39. Kxc2 Nf2 40. Kd2 Nh3
41. Ke2 Ng5 42. e4 Ne6 43. Ke3 fxe4 44. fxe4 h5 45. d5 Nc5 46. Ba3 Nd7 47. Kf4
g6 48. e5 Nb6 49. Ke4 Nc4 50. Bc1 Ke7 51. Bg5+ Kf7 52. Kd4 Nb6 53. e6+ Ke8 54.
d6 1-0

[Event "4NCL Division 3"]
[Site "Daventry Court ENG"]
[Date "2015.03.21"]
[Round "7.100"]
[White "Horlock, Peter J"]
[Black "Milson, Samuel A"]
[Result "0-1"]
[WhiteElo "1614"]
[BlackElo "2045"]
[PlyCount "46"]
[EventDate "2015.03.21"]
[WhiteTeam "Guildford 4"]
[BlackTeam "e2e4.org.uk 2"]

1. e4 e5 2. Nf3 Nc6 3. d4 exd4 4. Nxd4 Qf6 5. c3 Bc5 6. Be3 Nge7 7. Qd2 a6 8.
f4 d6 9. Be2 Qg6 10. Bf3 f5 11. Qd1 Qf6 12. O-O O-O 13. exf5 Bxd4 14. Bxd4 Nxd4
15. cxd4 Nxf5 16. Bxb7 Bxb7 17. Qb3+ Kh8 18. Qxb7 Qxd4+ 19. Kh1 Ne3 20. Rc1 Nd1
21. g3 Rae8 22. Nc3 Re1+ 23. Kg2 Qg1+ 0-1

[Event "4NCL Division 3"]
[Site "Daventry Court ENG"]
[Date "2015.03.21"]
[Round "7.105"]
[White "Briscoe, Chris"]
[Black "Edgell, Ben"]
[Result "1/2-1/2"]
[WhiteElo "2201"]
[BlackElo "2141"]
[PlyCount "40"]
[EventDate "2015.03.21"]
[WhiteTeam "Surbiton 1"]
[BlackTeam "West is Best 1"]

1. e4 e5 2. Nf3 Nc6 3. Bb5 a6 4. Ba4 Nge7 5. c3 d6 6. O-O Bd7 7. d4 Ng6 8. Qe2
Be7 9. Rd1 b5 10. Bb3 Na5 11. Bc2 Qc8 12. b3 O-O 13. Be3 c5 14. dxc5 dxc5 15.
Nbd2 Rd8 16. Nf1 Qc7 17. Ng3 Nf4 18. Bxf4 exf4 19. Nf5 Bxf5 20. exf5 Bf6
1/2-1/2

[Event "4NCL Division 3"]
[Site "Daventry Court ENG"]
[Date "2015.03.21"]
[Round "7.106"]
[White "Stewart, Joseph"]
[Black "Kalavannan, Koby"]
[Result "1/2-1/2"]
[WhiteElo "2187"]
[BlackElo "2149"]
[PlyCount "90"]
[EventDate "2015.03.21"]
[WhiteTeam "West is Best 1"]
[BlackTeam "Surbiton 1"]

1. e4 c5 2. Nf3 e6 3. Qe2 Nc6 4. g3 g6 5. Bg2 Bg7 6. O-O Nge7 7. Na3 d5 8. d3
O-O 9. c3 a6 10. Nc2 b5 11. d4 cxd4 12. Nfxd4 Nxd4 13. Nxd4 Bb7 14. e5 Nc6 15.
f4 Nxd4 16. cxd4 f5 17. exf6 Qxf6 18. Be3 Rac8 19. Rac1 Rxc1 20. Rxc1 Rc8 21.
Rxc8+ Bxc8 22. Qc2 Qd8 23. Bh3 Bd7 24. Kf2 Qb6 25. Qd2 Kf7 26. b3 Bf8 27. Bf1
Qc7 28. Bd3 Be8 29. Kg2 a5 30. h4 Kg8 31. g4 b4 32. Kf3 Qf7 33. Qc2 Bd6 34. Qc8
Kg7 35. Qd8 Bc7 36. Qc8 Qd7 37. Ba6 Bd8 38. Bf2 h5 39. gxh5 gxh5 40. Qxd7+ Bxd7
41. Bd3 Kf6 42. Be3 Bb6 43. Bf2 Be8 44. Be3 Bg6 45. Be2 Be8 1/2-1/2

[Event "4NCL Division 3"]
[Site "Daventry Court ENG"]
[Date "2015.03.21"]
[Round "7.107"]
[White "Jones, Steven A"]
[Black "Villiers, Thomas"]
[Result "1-0"]
[WhiteElo "2117"]
[BlackElo "2093"]
[PlyCount "149"]
[EventDate "2015.03.21"]
[WhiteTeam "Surbiton 1"]
[BlackTeam "West is Best 1"]

1. e4 Nf6 2. e5 Nd5 3. c4 Nb6 4. d4 d6 5. exd6 exd6 6. Nc3 Nc6 7. d5 Ne5 8. f4
Ng6 9. Bd3 Be7 10. Nge2 Bh4+ 11. g3 Bf6 12. h3 O-O 13. Qc2 Re8 14. Ne4 Bd7 15.
Be3 Ba4 16. Nxf6+ Qxf6 17. Qd2 Bc2 18. Bxc2 Nxc4 19. Bd4 Rxe2+ 20. Qxe2 Qxd4
21. Rd1 Qc5 22. Bxg6 hxg6 23. Rc1 Qxd5 24. O-O Na5 25. b3 Nc6 26. Qf3 Qxf3 27.
Rxf3 Re8 28. Rf2 Re3 29. Kg2 Kf8 30. b4 a6 31. Rb2 Ke8 32. Kf2 Ra3 33. Re1+ Kd7
34. Re3 Rxe3 35. Kxe3 Ke6 36. g4 d5 37. a3 Na7 38. Kd3 Nb5 39. Re2+ Kd7 40. Ra2
Nd6 41. h4 b6 42. Kd4 Nb5+ 43. Ke3 c5 44. f5 gxf5 45. gxf5 Ke7 46. bxc5 bxc5
47. Kf4 c4 48. a4 Nc3 49. Rd2 Kd6 50. h5 Ne4 51. Rg2 Nf6 52. Ke3 Nxh5 53. Kd4
Nf4 54. Rxg7 Ke7 55. Rg4 Nd3 56. Rg3 Kd6 57. Rh3 Nb4 58. Rh6+ Kd7 59. a5 Nc6+
60. Kxd5 Nxa5 61. Rxa6 Nb7 62. Ra7 Kc7 63. f6 Kb6 64. Ra8 Kc7 65. Ra6 Kd7 66.
Kxc4 Nd8 67. Kd5 Ne6 68. Ra7+ Nc7+ 69. Ke5 Kc6 70. Kf4 Kd6 71. Kg5 Ne6+ 72. Kh6
Ke5 73. Rxf7 Nd8 74. Kg6 Nxf7 75. Kxf7 1-0

[Event "4NCL Division 3"]
[Site "Daventry Court ENG"]
[Date "2015.03.21"]
[Round "7.108"]
[White "Bullen, Alex"]
[Black "Henderson, Ian R"]
[Result "0-1"]
[WhiteElo "2007"]
[BlackElo "2065"]
[PlyCount "132"]
[EventDate "2015.03.21"]
[WhiteTeam "West is Best 1"]
[BlackTeam "Surbiton 1"]

1. Nf3 Nf6 2. d4 g6 3. c4 c5 4. Nc3 cxd4 5. Nxd4 Nc6 6. e4 d6 7. Be2 Bg7 8. Be3
Bd7 9. f3 O-O 10. Qd2 Nxd4 11. Bxd4 a5 12. Kf2 Bc6 13. Rhd1 Nd7 14. Bxg7 Kxg7
15. Rac1 Qb6+ 16. Qd4+ Qxd4+ 17. Rxd4 Nc5 18. Ke3 f5 19. exf5 Rxf5 20. Bd3 Re5+
21. Kf2 Ne6 22. Rh4 Rf8 23. Ne2 h6 24. Rg4 g5 25. h4 h5 26. Rg3 g4 27. Kg1 Nc5
28. f4 Nxd3 29. fxe5 Nxc1 30. Nxc1 dxe5 31. Nb3 b6 32. c5 a4 33. Nc1 bxc5 34.
Nd3 Rb8 35. Nxe5 Bd5 36. Nd3 Bxa2 37. Nxc5 Rxb2 38. Nxa4 Rc2 39. Nc3 Bc4 40.
Ne4 Bd5 41. Re3 Bxe4 42. Rxe4 Kf6 43. Kh2 e5 44. Kg3 Kf5 45. Ra4 Rd2 46. Ra8
Rd3+ 47. Kf2 g3+ 48. Ke2 Rb3 49. Ra4 e4 50. Ra5+ Kf4 51. Ra2 Rb1 52. Ra5 Rb2+
53. Kf1 Rf2+ 54. Kg1 e3 55. Ra4+ Ke5 56. Ra5+ Kd4 57. Ra4+ Kc5 58. Ra1 e2 59.
Re1 Kd4 60. Ra1 Kc3 61. Rb1 Kc2 62. Ra1 Rf4 63. Ra2+ Kd3 64. Ra3+ Ke4 65. Ra1
Kf5 66. Re1 Re4 0-1

[Event "4NCL Division 3"]
[Site "Daventry Court ENG"]
[Date "2015.03.21"]
[Round "7.109"]
[White "Crombleholme, Alan K"]
[Black "Taylor, Will"]
[Result "1-0"]
[WhiteElo "2087"]
[BlackElo "1983"]
[PlyCount "77"]
[EventDate "2015.03.21"]
[WhiteTeam "Surbiton 1"]
[BlackTeam "West is Best 1"]

1. d4 Nf6 2. c4 g6 3. Nc3 Bg7 4. e4 d6 5. Be2 O-O 6. Nf3 e5 7. Be3 c6 8. dxe5
dxe5 9. Nd2 Qc7 10. O-O Be6 11. Rc1 Rd8 12. b4 Nbd7 13. h3 Ne8 14. Qa4 f5 15.
Bg5 Bf6 16. Nf3 Nb6 17. Qb3 Qe7 18. h4 h6 19. Bxh6 Bxh4 20. Nxe5 Qf6 21. Nf3 g5
22. exf5 Bxf5 23. Nxh4 gxh4 24. Be3 h3 25. g3 Bd3 26. c5+ Kh8 27. cxb6 c5 28.
Bxd3 Rxd3 29. Qc4 Qf3 30. Qe4 Rxe3 31. fxe3 Qxg3+ 32. Kh1 Nd6 33. Qf3 Nf5 34.
Qh5+ Kg7 35. Rg1 Rf8 36. Qxh3 Rh8 37. Qxh8+ Kxh8 38. Rxg3 Nxg3+ 39. Kg2 1-0

[Event "4NCL Division 3"]
[Site "Daventry Court ENG"]
[Date "2015.03.21"]
[Round "7.110"]
[White "Hassall, Mark"]
[Black "Shepherd, Paul D"]
[Result "1/2-1/2"]
[WhiteElo "1943"]
[BlackElo "2012"]
[PlyCount "53"]
[EventDate "2015.03.21"]
[WhiteTeam "West is Best 1"]
[BlackTeam "Surbiton 1"]

1. e4 c5 2. Nf3 e6 3. d4 cxd4 4. Nxd4 Nc6 5. Nc3 Qc7 6. Be2 a6 7. Be3 Nf6 8.
O-O Bb4 9. Na4 Be7 10. Nxc6 bxc6 11. Nb6 Rb8 12. Nxc8 Qxc8 13. Bd4 Qc7 14. e5
Nd5 15. c4 Nf4 16. Bf3 O-O 17. Re1 c5 18. Bc3 f6 19. Qd2 Ng6 20. Rad1 Nxe5 21.
Bxe5 fxe5 22. Qxd7 Qxd7 23. Rxd7 Bf6 24. b3 Rfd8 25. Red1 Rxd7 26. Rxd7 Rd8 27.
Rxd8+ 1/2-1/2

[Event "4NCL Division 3"]
[Site "Daventry Court ENG"]
[Date "2015.03.21"]
[Round "7.115"]
[White "Rawlinson, Christopher JA"]
[Black "Mansson, James C"]
[Result "1/2-1/2"]
[WhiteElo "2045"]
[BlackElo "2061"]
[PlyCount "67"]
[EventDate "2015.03.21"]
[WhiteTeam "Oxford 2"]
[BlackTeam "e2e4.org.uk 3"]

1. e4 c5 2. Nc3 a6 3. d3 e6 4. g3 b5 5. Bg2 Bb7 6. f4 b4 7. Nce2 d5 8. exd5 Nf6
9. Nf3 Bxd5 10. O-O Be7 11. h3 h5 12. a3 a5 13. axb4 axb4 14. Rxa8 Bxa8 15. Be3
O-O 16. d4 Qc7 17. dxc5 Bxc5 18. Bxc5 Qxc5+ 19. Kh2 Nc6 20. Nc1 Rd8 21. Nd3 Qb6
22. Qe2 Nd4 23. Nxd4 Bxg2 24. Qxg2 Qxd4 25. Qb7 Nd5 26. Re1 h4 27. gxh4 Qc4 28.
Re2 Nxf4 29. Rf2 Qd5 30. Qc7 Nxd3 31. Qxf7+ Kh8 32. cxd3 Qd6+ 33. Kg2 Qd5+ 34.
Kh2 1/2-1/2

[Event "4NCL Division 3"]
[Site "Daventry Court ENG"]
[Date "2015.03.21"]
[Round "7.116"]
[White "Truman, Richard G"]
[Black "Brackmann, Hendrik"]
[Result "0-1"]
[WhiteElo "1972"]
[BlackElo "1997"]
[PlyCount "112"]
[EventDate "2015.03.21"]
[WhiteTeam "e2e4.org.uk 3"]
[BlackTeam "Oxford 2"]

1. e4 c5 2. Nf3 Nc6 3. Bb5 g6 4. O-O Bg7 5. c3 d5 6. Qa4 Qd6 7. exd5 Qxd5 8. d4
Bd7 9. dxc5 Nf6 10. Be3 O-O 11. Na3 a6 12. Bc4 Qh5 13. Qb3 Ng4 14. Rfd1 Nce5
15. Bf4 Nxf3+ 16. gxf3 Ne5 17. Bd5 Bc6 18. c4 Nxf3+ 19. Kh1 Bh6 20. Bg3 Nxh2
21. Kg2 Ng4 22. Rh1 Qf5 23. Qf3 Bg7 24. Qxf5 gxf5 25. Rab1 e6 26. Bxc6 bxc6 27.
Bd6 Rfd8 28. Nc2 a5 29. b3 Nf6 30. f3 Ne8 31. Rhd1 Rd7 32. Rd3 Rad8 33. Rbd1 e5
34. Ne3 Bf8 35. Nxf5 Nxd6 36. cxd6 f6 37. c5 Kf7 38. Ne3 Ke6 39. Nc4 Ra7 40.
Re1 Bh6 41. Nb6 Rg7+ 42. Kh1 Rdg8 43. f4 Bxf4 44. Rh3 Bd2 45. Rd1 Bb4 46. d7
Bxc5 47. d8=Q Rxd8 48. Rxd8 Bxb6 49. Rh8 f5 50. R8xh7 Rxh7 51. Rxh7 f4 52. Kg2
e4 53. Rh5 f3+ 54. Kf1 Bd4 55. Rxa5 e3 56. Ra8 e2+ 0-1

[Event "4NCL Division 3"]
[Site "Daventry Court ENG"]
[Date "2015.03.21"]
[Round "7.117"]
[White "Pozimski, Szymon"]
[Black "Kingston, Ian S"]
[Result "1/2-1/2"]
[WhiteElo "1934"]
[BlackElo "1971"]
[PlyCount "123"]
[EventDate "2015.03.21"]
[WhiteTeam "Oxford 2"]
[BlackTeam "e2e4.org.uk 3"]

1. Nf3 d5 2. b3 Nf6 3. Bb2 g6 4. e3 Bg7 5. c4 c6 6. cxd5 cxd5 7. Bb5+ Bd7 8.
Nc3 O-O 9. Rc1 Nc6 10. O-O Re8 11. d4 Rc8 12. Ne5 a6 13. Be2 Bf5 14. Na4 Nxe5
15. Rxc8 Bxc8 16. dxe5 Ne4 17. Qd4 e6 18. Rc1 f6 19. Qb6 fxe5 20. Qxd8 Rxd8 21.
Nb6 Bd7 22. Rc7 Bb5 23. Bxb5 axb5 24. Rxb7 Nc5 25. Rc7 Nd3 26. Bc3 d4 27. Bd2
Rd6 28. Nc8 Ra6 29. Ra7 Nc5 30. Rxa6 Nxa6 31. a4 bxa4 32. bxa4 Kf7 33. Nd6+ Ke7
34. Ne4 Kd7 35. Kf1 h6 36. Ke2 Kc6 37. Kd3 Kd5 38. h3 Nb8 39. Bb4 Na6 40. Be7
Nb8 41. Bf6 Bxf6 42. Nxf6+ Kc5 43. Ng4 Nc6 44. Ke4 Kc4 45. f4 d3 46. Nf2 d2 47.
a5 exf4 48. a6 fxe3 49. Kxe3 Kb5 50. Kxd2 Kxa6 51. Kd3 Kb5 52. Ke4 Kc5 53. Ng4
h5 54. Ne5 Ne7 55. Nf7 Nf5 56. Ke5 Ne3 57. g3 Nf1 58. g4 hxg4 59. hxg4 Nh2 60.
g5 Nf3+ 61. Kxe6 Nxg5+ 62. Nxg5 1/2-1/2

[Event "4NCL Division 3"]
[Site "Daventry Court ENG"]
[Date "2015.03.21"]
[Round "7.118"]
[White "Okhai, Shabir"]
[Black "Terry, Sean"]
[Result "1-0"]
[WhiteElo "1939"]
[BlackElo "1937"]
[PlyCount "143"]
[EventDate "2015.03.21"]
[WhiteTeam "e2e4.org.uk 3"]
[BlackTeam "Oxford 2"]

1. e4 c5 2. Nf3 Nc6 3. c3 d5 4. exd5 Qxd5 5. d4 e5 6. Be3 Bg4 7. c4 Qd7 8. d5
e4 9. h3 Bh5 10. g4 exf3 11. gxh5 Ne5 12. Nd2 Qf5 13. Rg1 Be7 14. Rxg7 h6 15.
Rg3 Bh4 16. Qa4+ Kd8 17. Bxc5 Bxg3 18. Bb6+ Ke7 19. Qa3+ Kf6 20. fxg3 axb6 21.
Qxa8 f2+ 22. Kd1 Kg7 23. Qa3 Nf6 24. Qe3 Re8 25. Qf4 Qxh5+ 26. Be2 Qxh3 27.
Qxf2 Ne4 28. Nxe4 Qh1+ 29. Kc2 Qxe4+ 30. Kb3 b5 31. Rc1 Rc8 32. Rf1 bxc4+ 33.
Kc3 Qxd5 34. Qf6+ Kg8 35. Qxh6 Qa5+ 36. Kc2 c3 37. Qg5+ Kf8 38. Rxf7+ Kxf7 39.
Qf5+ Ke7 40. Qxc8 Qa4+ 41. Kxc3 Qe4 42. Qc5+ Kf6 43. Qd6+ Kg7 44. Kd2 Nc4+ 45.
Bxc4 Qxc4 46. Qd7+ Kf6 47. Qd8+ Kf7 48. Qd7+ Kf6 49. Qxb7 Qxa2 50. Qf3+ Kg6 51.
Qa3 Qf7 52. Qd6+ Kh7 53. b4 Qf2+ 54. Kd3 Qf3+ 55. Kc4 Qe4+ 56. Kc5 Qe3+ 57. Kc6
Qc3+ 58. Kd7 Qb3 59. Qe7+ Kh8 60. Qe5+ Kh7 61. b5 Qd3+ 62. Kc8 Kh6 63. Qe6+ Kh5
64. g4+ Kh4 65. b6 Qc3+ 66. Kd7 Qd4+ 67. Ke8 Qh8+ 68. Kf7 Qh7+ 69. Kf6 Qh6+ 70.
Kf5 Qh7+ 71. Kf4 Qg7 72. Qe1+ 1-0

[Event "4NCL Division 3"]
[Site "Daventry Court ENG"]
[Date "2015.03.21"]
[Round "7.119"]
[White "Foster, Chantelle L"]
[Black "Taylor, Dale C"]
[Result "0-1"]
[WhiteElo "1814"]
[BlackElo "1966"]
[PlyCount "94"]
[EventDate "2015.03.21"]
[WhiteTeam "Oxford 2"]
[BlackTeam "e2e4.org.uk 3"]

1. e4 c5 2. Nf3 Nc6 3. d4 cxd4 4. Nxd4 e5 5. Nb5 d6 6. N1c3 a6 7. Na3 b5 8. Nd5
Nge7 9. Nxe7 Bxe7 10. c3 Be6 11. Nc2 d5 12. exd5 Qxd5 13. Qxd5 Bxd5 14. Ne3 Be6
15. Bd3 g6 16. Be4 Rc8 17. Nd5 Bd8 18. Ne3 f5 19. Bd5 Kf7 20. O-O f4 21. Bxe6+
Kxe6 22. Nc2 Be7 23. Re1 Kf5 24. b3 Rhd8 25. Ba3 Bxa3 26. Nxa3 Rd2 27. Rec1
Rcd8 28. Kf1 Rb2 29. Rc2 Rd2 30. Rxd2 Rxd2 31. Ke1 Rb2 32. Nb1 e4 33. Nd2 Ne5
34. Ke2 f3+ 35. gxf3 exf3+ 36. Kd1 Kf4 37. a4 Nd3 38. axb5 Nxf2+ 39. Kc1 Nd3+
40. Kd1 axb5 41. c4 Ke3 42. Nf1+ Kf2 43. Nd2 bxc4 44. bxc4 Ke3 45. Nf1+ Kd4 46.
Nd2 f2 47. h3 g5 0-1

[Event "4NCL Division 3"]
[Site "Daventry Court ENG"]
[Date "2015.03.21"]
[Round "7.125"]
[White "Gostelow, Dave"]
[Black "Van Kemenade, Rudy"]
[Result "1-0"]
[WhiteElo "2029"]
[BlackElo "1989"]
[PlyCount "61"]
[EventDate "2015.03.21"]
[WhiteTeam "Shropshire"]
[BlackTeam "Rhyfelwyr Essyllwg 2"]

1. d4 Nf6 2. Nf3 g6 3. Bf4 d6 4. h3 Bg7 5. e3 O-O 6. Be2 Nc6 7. O-O Qe8 8. c4
e5 9. Bh2 e4 10. Nfd2 h5 11. Nc3 Bf5 12. b4 a6 13. b5 axb5 14. cxb5 Na5 15. b6
Qc6 16. Qc2 Qxb6 17. Rab1 Qa7 18. Nb5 Qb8 19. Qxc7 Nc6 20. Bc4 d5 21. Bb3 Qxc7
22. Nxc7 Ra5 23. a4 Nxd4 24. exd4 e3 25. fxe3 Bxb1 26. Nxb1 Rc8 27. Nb5 Bf8 28.
Be5 Nd7 29. Bxd5 Nxe5 30. dxe5 Rc2 31. Be4 1-0

[Event "4NCL Division 3"]
[Site "Daventry Court ENG"]
[Date "2015.03.21"]
[Round "7.127"]
[White "Paul, Nathanael"]
[Black "Bevan, Peter M"]
[Result "1/2-1/2"]
[WhiteElo "1938"]
[BlackElo "1993"]
[PlyCount "75"]
[EventDate "2015.03.21"]
[WhiteTeam "Shropshire"]
[BlackTeam "Rhyfelwyr Essyllwg 2"]

1. e4 e6 2. d4 d5 3. exd5 exd5 4. Nf3 Bg4 5. Be2 Bd6 6. O-O Ne7 7. Ne5 Bxe2 8.
Qxe2 O-O 9. Nd2 c5 10. Ndf3 cxd4 11. Nxd4 Nbc6 12. Nexc6 bxc6 13. Bg5 Qc7 14.
g3 Rfe8 15. Rae1 Qd7 16. c3 Ng6 17. Qd3 Ne5 18. Qd1 Qh3 19. Nf3 Qf5 20. Nxe5
Bxe5 21. Be3 a5 22. Bd4 f6 23. Qa4 Qd7 24. Re3 Bxd4 25. Qxd4 Rxe3 26. Qxe3 Re8
27. Qc5 a4 28. c4 Re2 29. Rd1 Rc2 30. b3 axb3 31. axb3 Qg4 32. Qd4 Qf3 33. Rb1
Rc3 34. cxd5 cxd5 35. b4 Rc4 36. Qa7 Qe4 37. Rd1 Rxb4 38. Qa8+ 1/2-1/2

[Event "4NCL Division 3"]
[Site "Daventry Court ENG"]
[Date "2015.03.21"]
[Round "7.130"]
[White "Wang, Alyssa"]
[Black "Tarr, Steve"]
[Result "0-1"]
[WhiteElo "1740"]
[BlackElo "1765"]
[PlyCount "140"]
[EventDate "2015.03.21"]
[WhiteTeam "Rhyfelwyr Essyllwg 2"]
[BlackTeam "Shropshire"]

1. d4 Nf6 2. c4 e5 3. dxe5 Ng4 4. Nf3 Bc5 5. e3 Nc6 6. Nc3 Ngxe5 7. Nxe5 Nxe5
8. b3 O-O 9. Bb2 Re8 10. Be2 a5 11. Qd5 Qe7 12. O-O Ra6 13. Ne4 Ba7 14. Rad1
Rh6 15. Ng3 d6 16. Bxe5 Qh4 17. Nf5 Bxf5 18. Bg3 Qe4 19. Qxa5 Bb6 20. Qb5 Qc2
21. Bf3 Be4 22. Bxe4 Qxe4 23. Qd5 Rhe6 24. Qxe4 Rxe4 25. Rd5 f6 26. a3 Ra8 27.
Ra1 Bc5 28. a4 b6 29. Kf1 Re6 30. Ke2 Kf7 31. Rb1 c6 32. Rd3 Bb4 33. Rbd1 Ke7
34. f3 Ra5 35. Bf2 b5 36. cxb5 cxb5 37. Rd5 Re5 38. Bg3 Rxd5 39. Rxd5 Bc5 40.
Be1 Ra8 41. axb5 Ke6 42. e4 Ra2+ 43. Bd2 Rb2 44. Rd3 Bb4 45. Kd1 Bxd2 46. Rxd2
Rxb3 47. Rd5 Rb2 48. Kc1 Rxg2 49. Rd3 Rxh2 50. b6 Kd7 51. Rc3 Rh1+ 52. Kc2 Rh5
53. Rc7+ Kd8 54. Kd3 d5 55. Kd4 dxe4 56. fxe4 Rg5 57. Rc2 Rb5 58. Rh2 h5 59.
Kc4 Rg5 60. Kd4 Kc8 61. Ke3 Kb7 62. Rb2 h4 63. Kf4 h3 64. Rh2 Rh5 65. Kg4 g6
66. Rxh3 Rxh3 67. Kxh3 Kxb6 68. Kg3 Kc5 69. Kf3 Kd4 70. Kf4 Kd3 0-1

[Event "4NCL Division 3"]
[Site "Daventry Court ENG"]
[Date "2015.03.21"]
[Round "7.135"]
[White "Hall, John"]
[Black "Carpenter, Martin"]
[Result "1/2-1/2"]
[WhiteElo "2234"]
[BlackElo "2098"]
[PlyCount "57"]
[EventDate "2015.03.21"]
[WhiteTeam "Leeds University Old Boys"]
[BlackTeam "Jorvik"]

1. e4 e6 2. d4 d5 3. Nc3 Bb4 4. e5 Ne7 5. a3 Bxc3+ 6. bxc3 c5 7. Nf3 h6 8. a4
Qc7 9. Bd3 b6 10. O-O O-O 11. Ba3 Ba6 12. Bxa6 Nxa6 13. Qe2 Nb8 14. c4 dxc4 15.
dxc5 bxc5 16. Qxc4 Nd7 17. Rfe1 Rfc8 18. Rad1 Ng6 19. Qe4 Rd8 20. Rd3 Nb6 21.
Rc3 Rd5 22. a5 Nd7 23. Rd3 Rd8 24. Rxd5 exd5 25. Qf5 Ndf8 26. Bc1 Ne6 27. Bd2
c4 28. Bb4 a6 29. g3 1/2-1/2

[Event "4NCL Division 3"]
[Site "Daventry Court ENG"]
[Date "2015.03.21"]
[Round "7.136"]
[White "White, Mark W"]
[Black "Deighton, Simon"]
[Result "1-0"]
[WhiteElo "2063"]
[BlackElo "1994"]
[PlyCount "71"]
[EventDate "2015.03.21"]
[WhiteTeam "Jorvik"]
[BlackTeam "Leeds University Old Boys"]

1. e4 c5 2. d4 cxd4 3. c3 dxc3 4. Nxc3 Nc6 5. Nf3 d6 6. Bc4 a6 7. O-O Nf6 8. h3
e6 9. Qe2 Be7 10. Rd1 Bd7 11. Bf4 b5 12. Bb3 Qb8 13. Rac1 Ne5 14. Bh2 O-O 15.
Nd4 Qb6 16. Kh1 Rac8 17. f4 Nc4 18. Bg1 Qb7 19. e5 dxe5 20. fxe5 Nd5 21. Nf5
exf5 22. Nxd5 Bg5 23. Rc3 Be6 24. Rg3 Bxd5 25. Rxg5 Be4 26. Bd4 Qe7 27. Qh5 f4
28. Qg4 Bg6 29. Qxf4 Rfe8 30. Rg3 Qe6 31. Bc3 Rcd8 32. Rxd8 Rxd8 33. h4 h5 34.
Qg5 Rd3 35. Rxd3 Bxd3 36. Qd8+ 1-0

[Event "4NCL Division 3"]
[Site "Daventry Court ENG"]
[Date "2015.03.21"]
[Round "7.137"]
[White "Mossong, Hubert"]
[Black "Mounce, Richard B"]
[Result "1/2-1/2"]
[WhiteElo "2098"]
[BlackElo "2033"]
[PlyCount "86"]
[EventDate "2015.03.21"]
[WhiteTeam "Leeds University Old Boys"]
[BlackTeam "Jorvik"]

1. e4 e5 2. Nf3 Nc6 3. Bb5 a6 4. Ba4 b5 5. Bb3 Bb7 6. d3 Nf6 7. O-O Bc5 8. Bg5
h6 9. Bh4 d6 10. Nc3 g5 11. Bg3 Nd4 12. Nd2 h5 13. h4 Ng4 14. Nf3 f6 15. Nxd4
Bxd4 16. Ne2 Ba7 17. a4 b4 18. Qd2 a5 19. c3 bxc3 20. bxc3 Qe7 21. Kh1 f5 22.
f3 gxh4 23. Be1 Ne3 24. Rg1 f4 25. d4 O-O-O 26. Bf2 Qf6 27. Bxe3 fxe3 28. Qxe3
Rh6 29. Rgf1 Rg6 30. dxe5 Bxe3 31. exf6 Rxf6 32. Nd4 Rdf8 33. Be6+ Kd8 34. Bh3
Bxd4 35. cxd4 Bxe4 36. Rfe1 Bf5 37. Bxf5 Rxf5 38. Kh2 Rf4 39. Rad1 Kd7 40. Kh3
Rb8 41. Re4 Rxe4 42. fxe4 Rb4 43. Kxh4 Rxa4 1/2-1/2

[Event "4NCL Division 3"]
[Site "Daventry Court ENG"]
[Date "2015.03.21"]
[Round "7.138"]
[White "Cowan, Richard M"]
[Black "Birkin, Mark"]
[Result "1-0"]
[WhiteElo "1884"]
[BlackElo "1939"]
[PlyCount "47"]
[EventDate "2015.03.21"]
[WhiteTeam "Jorvik"]
[BlackTeam "Leeds University Old Boys"]

1. d4 d6 2. Nc3 Nf6 3. e4 c6 4. f4 Qa5 5. Bd3 e5 6. Nf3 exd4 7. Nxd4 g6 8. Nf3
Bg7 9. O-O O-O 10. Kh1 Nbd7 11. Qe1 Re8 12. Bd2 Nc5 13. Qh4 Qc7 14. Rae1 b5 15.
e5 Nxd3 16. cxd3 dxe5 17. fxe5 Ng4 18. Ng5 Nh6 19. Nce4 Rxe5 20. Nf6+ Bxf6 21.
Rxf6 Rxe1+ 22. Bxe1 Qe7 23. Bc3 b4 24. Qxh6 1-0

[Event "4NCL Division 3"]
[Site "Daventry Court ENG"]
[Date "2015.03.21"]
[Round "7.140"]
[White "Anderson, Paul W"]
[Black "Bourne, Iain"]
[Result "0-1"]
[WhiteElo "1851"]
[BlackElo "1889"]
[PlyCount "66"]
[EventDate "2015.03.21"]
[WhiteTeam "Jorvik"]
[BlackTeam "Leeds University Old Boys"]

1. c4 c5 2. Nc3 Nc6 3. g3 g6 4. Bg2 Bg7 5. a3 Rb8 6. d3 d6 7. e3 e5 8. Nge2
Nge7 9. O-O O-O 10. Rb1 a5 11. b3 Be6 12. Bb2 d5 13. cxd5 Nxd5 14. Nxd5 Bxd5
15. Bxd5 Qxd5 16. Nc3 Qd7 17. Qc2 b6 18. Rbd1 Rfd8 19. Rd2 Rb7 20. Rfd1 Qf5 21.
Na4 Rd6 22. Qc4 Nd8 23. b4 cxb4 24. axb4 b5 25. Qc5 Qd7 26. d4 bxa4 27. bxa5
Ne6 28. Qc2 exd4 29. exd4 Rc7 30. Qe4 Rd5 31. a6 Ra7 32. Qe2 h5 33. Qc4 Nc7 0-1

[Event "4NCL Division 3"]
[Site "Daventry Court ENG"]
[Date "2015.03.21"]
[Round "7.145"]
[White "Combie, Alex B"]
[Black "Lemoir, David"]
[Result "1/2-1/2"]
[WhiteElo "2048"]
[BlackElo "2107"]
[PlyCount "36"]
[EventDate "2015.03.21"]
[WhiteTeam "Ashfield-Breadsall"]
[BlackTeam "Anglian Avengers 2"]

1. d4 d5 2. c4 Nc6 3. cxd5 Qxd5 4. e3 e5 5. Nc3 Bb4 6. Bd2 Bxc3 7. Bxc3 exd4 8.
Ne2 Nf6 9. Nxd4 O-O 10. Nb5 Qg5 11. h4 Qh6 12. Qa4 Nd5 13. O-O-O Be6 14. Nd4
Nxd4 15. Qxd4 c5 16. Qd2 Rad8 17. Be2 Bf5 18. b3 Nxc3 1/2-1/2

[Event "4NCL Division 3"]
[Site "Daventry Court ENG"]
[Date "2015.03.21"]
[Round "7.146"]
[White "Scott, Gordon"]
[Black "Walker, Andrew"]
[Result "1-0"]
[WhiteElo "2087"]
[BlackElo "2094"]
[PlyCount "51"]
[EventDate "2015.03.21"]
[WhiteTeam "Anglian Avengers 2"]
[BlackTeam "Ashfield-Breadsall"]

1. d4 f5 2. e4 fxe4 3. Nc3 Nf6 4. Bg5 c6 5. Qd2 d5 6. f3 Bf5 7. O-O-O Nbd7 8.
Nge2 exf3 9. gxf3 Qa5 10. Ng3 Bg6 11. Bh3 O-O-O 12. Be6 Kb8 13. Kb1 h6 14. Bf4+
Ka8 15. Nxd5 Bxc2+ 16. Ka1 Qxd2 17. Nc7+ Kb8 18. Rxd2 g5 19. Na6+ Ka8 20. Bc7
Rc8 21. Rxc2 bxa6 22. Be5 Rd8 23. Rxc6 Nxe5 24. dxe5 Kb7 25. Rc3 Ne8 26. Rhc1
1-0

[Event "4NCL Division 3"]
[Site "Daventry Court ENG"]
[Date "2015.03.21"]
[Round "7.148"]
[White "Myall, Ivan"]
[Black "Burke, Steve"]
[Result "1-0"]
[WhiteElo "2039"]
[BlackElo "1942"]
[PlyCount "71"]
[EventDate "2015.03.21"]
[WhiteTeam "Anglian Avengers 2"]
[BlackTeam "Ashfield-Breadsall"]

1. e4 e6 2. d4 d5 3. e5 c5 4. c3 Nc6 5. Nf3 Bd7 6. a3 f6 7. Bd3 Qc7 8. Bf4 c4
9. Bc2 O-O-O 10. Bg3 Qb6 11. Ra2 Be7 12. exf6 gxf6 13. O-O Nh6 14. Nbd2 Nf7 15.
b3 cxb3 16. Nxb3 Nd6 17. Nc5 Nc4 18. Nxd7 Kxd7 19. Qe2 Rde8 20. Rb1 Qa6 21. Bd3
N6a5 22. Nd2 Qc6 23. Nxc4 Nxc4 24. Bxc4 dxc4 25. a4 Rhg8 26. Qb2 b6 27. a5 Rb8
28. Qb5 Qxb5 29. Rxb5 a6 30. Rxb6 Rxb6 31. axb6 Kc6 32. Rxa6 Re8 33. b7+ Kxb7
34. Rxe6 Kc8 35. Bd6 Kd7 36. Rxe7+ 1-0